King's bastard (Record no. 48639)

MARC details
000 -LEADER
fixed length control field 00426nam a2200133 a 4500
008 - FIXED-LENGTH DATA ELEMENTS--GENERAL INFORMATION
fixed length control field 120416s1977 ||||||||||||||||| || u
050 ## - LIBRARY OF CONGRESS CALL NUMBER
Classification number PR 6054.E475K5
100 ## - MAIN ENTRY--PERSONAL NAME
Personal name Denis, Charlotte
245 10 - TITLE STATEMENT
Title King's bastard
260 ## - PUBLICATION, DISTRIBUTION, ETC.
Place of publication, distribution, etc. London
Name of publisher, distributor, etc. Wingate
Date of publication, distribution, etc. 1977
300 ## - PHYSICAL DESCRIPTION
Extent 176p.
350 ## - PRICE (NR) (BK AM CF MU VM SE) [OBSOLETE]
Price 0.00
995 ## - RECOMMENDATION 995 [LOCAL, UNIMARC FRANCE]
-- 0.00
-- CBU-MAIN LIBRARY (Kitwe)
-- 1
-- 3.25
-- 1
-- AVAILABLE
-- Fiction Collection
Holdings
Withdrawn status Lost status Source of classification or shelving scheme Damaged status Not for loan Home library Current library Shelving location Date acquired Total Checkouts Full call number Barcode Date last seen Price effective from Koha item type
          CBU-MAIN LIBRARY, KITWE. CBU-MAIN LIBRARY, KITWE.   11/30/2022   PR 6054.E475K5 011552 11/30/2022 11/30/2022 MONOGRAPH